Complete Home Decorating: (Record no. 592248)
[ view plain ]
| 000 -LEADER | |
|---|---|
| fixed length control field | 00749nam a22001697a 4500 |
| 003 - CONTROL NUMBER IDENTIFIER | |
| control field | NUST |
| 005 - DATE AND TIME OF LATEST TRANSACTION | |
| control field | 20221103125302.0 |
| 008 - FIXED-LENGTH DATA ELEMENTS--GENERAL INFORMATION | |
| fixed length control field | 221103b ||||| |||| 00| 0 eng d |
| 020 ## - INTERNATIONAL STANDARD BOOK NUMBER | |
| International Standard Book Number | 0-75256-480-3 |
| 082 ## - DEWEY DECIMAL CLASSIFICATION NUMBER | |
| Classification number | 747, GOR |
| 100 ## - MAIN ENTRY--PERSONAL NAME | |
| Personal name | Gorton, Phil |
| 9 (RLIN) | 102313 |
| 245 ## - TITLE STATEMENT | |
| Title | Complete Home Decorating: |
| Remainder of title | Phil Gorton |
| 260 ## - PUBLICATION, DISTRIBUTION, ETC. | |
| Place of publication, distribution, etc. | Uk |
| Name of publisher, distributor, etc. | Parragon, Incorporated |
| Date of publication, distribution, etc. | 2001 |
| 300 ## - PHYSICAL DESCRIPTION | |
| Extent | 256: pages |
| 505 ## - FORMATTED CONTENTS NOTE | |
| Formatted contents note | Introduction (Page-6), How to use this book (Page-8), Planning (Page-10), Colour (Page-20), Painting (Page-32), Paper finisher (Page-66), Wood, brick and tile finisher (Page-92), Floor (Page-154), Woodwork (Page-184), Furniture face lifts (Page-202), Stylish space savers (Page-212), Accent accessories (Page-224). |
| 942 ## - ADDED ENTRY ELEMENTS (KOHA) | |
| Source of classification or shelving scheme | |
| Koha item type | Book |
| Withdrawn status | Lost status | Source of classification or shelving scheme | Damaged status | Not for loan | Permanent Location | Current Location | Shelving location | Date acquired | Full call number | Barcode | Date last seen | Price effective from | Koha item type | Public note |
|---|---|---|---|---|---|---|---|---|---|---|---|---|---|---|
| Military College of Signals (MCS) | Military College of Signals (MCS) | General Stacks | 11/03/2022 | 747,GOR | MCS38234 | 11/03/2022 | 11/03/2022 | Book | Almirah Fresh No.45, Shelf No.6 |
